[Event "East Detroit (MCO/2/35)"]
[Site "?"]
[Date "1984.??.??"]
[Round "?"]
[White "Feldman, J.."]
[Black "Becker, A.."]
[Result "0-1"]
[WhiteElo "1605"]
[BlackElo "1665"]
[PlyCount "21"]
[EventDate "1984.??.??"]

{2/(35)} 1. e4 c5 2. d4 e6 3. Nf3 b6 4. Nc3 Bb7 5. Bb5 a6 6. Bd3 Be7 7. Be3 Nf6
8. dxc5 bxc5 9. Qd2 O-O 10. O-O {[Remainder illegible; 0-1, 59?]} Bd6 11. Rad1
0-1

[Event "Plymouth (MI Op/2/83)"]
[Site "?"]
[Date "1984.??.??"]
[Round "?"]
[White "Fawaz, Mohamad"]
[Black "White, B.."]
[Result "0-1"]
[WhiteElo "1605"]
[BlackElo "1605"]
[PlyCount "40"]
[EventDate "1984.??.??"]

{2/(83)} 1. d4 f5 2. Nc3 Nf6 3. Bf4 e6 4. e3 Be7 5. Bd3 Nc6 6. Nge2 O-O 7. O-O
b6 8. Ng3 Bb7 9. Qd2 Qe8 10. Bxc7 Rc8 11. Be5 Nxe5 12. dxe5 Ng4 13. Nb5 Nxe5
14. Nxa7 Ra8 15. Nb5 Rc8 16. e4 f4 17. Ne2 f3 18. Ng3 fxg2 19. Kxg2 Qg6 20. Kg1
Nf3+ 0-1

[Event "Plymouth (MI Op/3/88)"]
[Site "?"]
[Date "1984.??.??"]
[Round "?"]
[White "Fawaz, Mohamad"]
[Black "Feldman, J.."]
[Result "0-1"]
[WhiteElo "1605"]
[BlackElo "1605"]
[PlyCount "90"]
[EventDate "1984.??.??"]

{3/(88)} 1. e4 e5 2. d3 Nf6 3. Nf3 Nc6 4. Be2 d6 5. O-O Bg4 6. Be3 Be7 7. Nc3
O-O 8. Qd2 Qd7 9. Rfe1 a6 10. Nd5 Nxd5 11. exd5 Nd8 12. h3 Bxh3 13. gxh3 Qxh3
14. Ng5 Bxg5 15. Bxg5 f6 16. Be3 f5 17. Bf1 Qg4+ 18. Bg2 f4 19. Bxf4 exf4 20.
f3 Qg6 21. c4 c6 22. dxc6 Nxc6 23. d4 Ne7 24. d5 Nf5 25. Qxf4 Rae8 26. Kf1
Rxe1+ 27. Rxe1 Ng3+ 28. Qxg3 Qxg3 29. b4 Rxf3+ 30. Bxf3 Qxf3+ 31. Kg1 Qg4+ 32.
Kf2 Qxc4 33. Kf3 Qxd5+ 34. Re4 Qxe4+ 35. Kxe4 h5 36. Kd5 h4 37. Kxd6 h3 38. Kc7
b5 39. Kb6 h2 40. Kxa6 h1=Q 41. Kxb5 Qb7+ 42. Kc4 Kf7 43. a4 Ke6 44. a5 Qa6+
45. Kc5 g5 0-1

[Event "Plymouth (MI Op/6/82)"]
[Site "?"]
[Date "1984.??.??"]
[Round "?"]
[White "Fawaz, Mohamad"]
[Black "Engel, R.."]
[Result "0-1"]
[WhiteElo "1605"]
[BlackElo "1605"]
[PlyCount "78"]
[EventDate "1984.??.??"]

{6/(82)} 1. e4 e5 2. d3 Nc6 3. Be3 Nf6 4. Nc3 d6 5. Nf3 h6 6. Be2 Be6 7. O-O d5
8. Qe1 d4 9. Bxd4 exd4 10. Nb5 Bc5 11. c3 a6 12. cxd4 Bxd4 13. Nbxd4 Nxd4 14.
Nxd4 Qxd4 15. b3 O-O 16. Qc1 Rac8 17. Qf4 Nd7 18. Rad1 Ne5 19. h3 f5 20. Qg3
fxe4 21. dxe4 Qxe4 22. Bd3 Nxd3 23. Rxd3 Qf4 24. Qg6 Bf5 25. Qg3 Qxg3 26. Rxg3
Rcd8 27. Re1 Rd2 28. Re5 Bb1 29. a4 Rd3 30. Re7 Rxg3 31. fxg3 Rf7 32. Re8+ Kh7
33. Rb8 b6 34. Rb7 Bc2 35. Ra7 a5 36. b4 axb4 37. a5 bxa5 38. Rxa5 b3 39. Ra1
b2 0-1

[Event "Plymouth (MI Op/4/75)"]
[Site "?"]
[Date "1984.??.??"]
[Round "?"]
[White "Fawaz, Mahmoud"]
[Black "Serlin, R.."]
[Result "0-1"]
[WhiteElo "1605"]
[BlackElo "1605"]
[PlyCount "122"]
[EventDate "1984.??.??"]

{4/(75)} 1. e4 e5 2. Nf3 Nc6 3. Bb5 Nf6 4. d3 d6 5. Bg5 Bg4 6. Nc3 a6 7. Ba4 b5
8. Bb3 Nd4 9. Nd5 c6 10. Bxf6 gxf6 11. Ne3 Qd7 12. c3 Nxf3+ 13. gxf3 Bh5 14.
Ng4 Ke7 15. Qe2 Rg8 16. h3 Bg6 17. d4 h5 18. Ne3 Bh6 19. Bc2 a5 20. Qd2 Bf4 21.
O-O-O h4 22. Kb1 Bh5 23. Qe2 Bxe3 24. Qxe3 a4 25. Rd2 Qe6 26. d5 Qd7 27. f4
Rab8 28. f5 Rg5 29. Bd1 Bxd1 30. Rhxd1 c5 31. Rc2 c4 32. Rcc1 Rbg8 33. f3 Qe8
34. Rg1 Rg3 35. Qa7+ Qd7 36. Qxd7+ Kxd7 37. Rxg3 Rxg3 38. Rf1 Rxh3 39. b3 cxb3
40. axb3 axb3 41. Kb2 Kc7 42. Kxb3 Kb6 43. c4 Kc5 44. cxb5 Kxb5 45. Kc3 Rg3 46.
Kd3 h3 47. Ke3 Rg2 48. Rh1 h2 49. Kd3 Kb6 50. Ke3 Kc5 51. f4 Rg3+ 52. Kd2 Kd4
53. fxe5 Rg2+ 54. Ke1 Rg1+ 55. Kf2 Rxh1 56. exd6 Rc1 57. d7 h1=Q 58. d8=Q Qh2+
59. Kf3 Rf1+ 60. Kg4 Qg2+ 61. Kh4 Rh1# 0-1

[Event "Plymouth (MI Op/2/64)"]
[Site "?"]
[Date "1984.??.??"]
[Round "?"]
[White "Fawaz, Mahmoud"]
[Black "Petty, M.."]
[Result "1/2-1/2"]
[WhiteElo "1605"]
[BlackElo "1790"]
[PlyCount "63"]
[EventDate "1984.??.??"]

{2/(64)} 1. e4 d5 2. exd5 Qxd5 3. Nc3 Qd8 4. Nf3 Nf6 5. Bc4 e6 6. d3 c6 7. Bf4
Nbd7 8. O-O Be7 9. Re1 Nh5 10. Be3 Ndf6 11. Bg5 h6 12. Bxf6 Nxf6 13. Ne4 b5 14.
Bb3 c5 15. Nxf6+ Bxf6 16. c3 Bb7 17. Bc2 g5 18. Ne5 Qd5 19. Qf3 Bxe5 20. Qxd5
Bxh2+ 21. Kxh2 Bxd5 22. a4 a6 23. axb5 axb5 24. Rxa8+ Bxa8 25. Re5 Bd5 26. c4
bxc4 27. dxc4 Bxc4 28. Rxc5 Ba6 29. Rc6 Bb7 30. Rc7 Ba6 31. Rc6 Bb7 32. Rc7
1/2-1/2

[Event "Plymouth (MI Op/6/79)"]
[Site "?"]
[Date "1984.??.??"]
[Round "?"]
[White "Fawaz, Mahmoud"]
[Black "King, J.."]
[Result "1-0"]
[WhiteElo "1605"]
[BlackElo "1605"]
[PlyCount "113"]
[EventDate "1984.??.??"]

{6/(79)} 1. e4 c5 2. Nc3 Nc6 3. Nf3 d6 4. Bb5 Bd7 5. Bxc6 Bxc6 6. O-O Nf6 7.
Re1 e5 8. d3 g6 9. Bg5 Bg7 10. Qd2 O-O 11. Bh6 b5 12. Bxg7 Kxg7 13. a3 a5 14.
Ne2 Qd7 15. c3 Rfb8 16. d4 Nxe4 17. Qd3 exd4 18. cxd4 c4 19. Qd1 Nf6 20. b3 Qg4
21. h3 Qf5 22. Ng3 Qd7 23. bxc4 bxc4 24. Qc2 Bxf3 25. gxf3 Rc8 26. Kg2 Rc7 27.
Qc3 a4 28. d5 Qd8 29. Re4 Kf8 30. Rxc4 Rxc4 31. Qxc4 Qc8 32. Qd4 Qd8 33. Ne4
Nxe4 34. Qh8+ Ke7 35. Qxd8+ Rxd8 36. fxe4 Rc8 37. f3 Rc3 38. Kg3 Kf6 39. Kf4 h5
40. h4 Rc2 41. Rd1 Rc4 42. Rd3 Rc8 43. Rd4 Ra8 44. Rc4 Ra6 45. Rc6 Rxc6 46.
dxc6 Ke7 47. Kg5 Ke6 48. f4 Ke7 49. f5 gxf5 50. Kxf5 Kd8 51. Kf6 Kc7 52. Kxf7
Kxc6 53. Kg6 Kc5 54. Kxh5 Kd4 55. Kg5 Ke5 56. h5 Ke6 57. h6 1-0

[Event "Plymouth (MI Op/5/4)"]
[Site "?"]
[Date "1984.??.??"]
[Round "?"]
[White "Everett, Morgan"]
[Black "Wolfrom, David"]
[Result "1/2-1/2"]
[WhiteElo "2040"]
[BlackElo "2170"]
[PlyCount "71"]
[EventDate "1984.??.??"]

{5/(4)} 1. e4 c5 2. Nf3 e6 3. Nc3 a6 4. d4 cxd4 5. Nxd4 Qc7 6. g3 Nf6 7. Bg2
Nc6 8. O-O Be7 9. Be3 O-O 10. Nxc6 bxc6 11. f4 d5 12. exd5 exd5 13. Bd4 Bf5 14.
h3 Rad8 15. Qe2 Bc8 16. Kh2 Rde8 17. Qd3 Nd7 18. Rad1 Nb6 19. Be5 Qb7 20. b3 f6
21. Bd4 Be6 22. Qe3 Bd8 23. Qf2 Nd7 24. Na4 Be7 25. Rfe1 Bf7 26. Nc5 Nxc5 27.
Bxc5 Bxc5 28. Qxc5 Qb5 29. Qxb5 axb5 30. c3 Ra8 31. Rd2 Ra6 32. Re7 Rfa8 33.
Rc7 h6 34. Re2 Re8 35. Rd2 Rea8 36. Re2 1/2-1/2

[Event "East Detroit (MCO/2/12)"]
[Site "?"]
[Date "1984.??.??"]
[Round "?"]
[White "Everett, Morgan"]
[Black "Sprague, A.."]
[Result "1-0"]
[WhiteElo "2045"]
[BlackElo "1730"]
[PlyCount "75"]
[EventDate "1984.??.??"]

{2/(12)} 1. e4 c6 2. d4 d5 3. Nc3 dxe4 4. Nxe4 Bf5 5. Ng3 Bg6 6. Nf3 Nd7 7. h4
h6 8. h5 Bh7 9. Bd3 Bxd3 10. Qxd3 Ngf6 11. c4 Qc7 12. Qe2 e6 13. Bd2 Be7 14.
O-O-O O-O-O 15. Bc3 Rhe8 16. Kb1 Bf8 17. Rhe1 Qf4 18. Ne5 Nxe5 19. dxe5 Nd7 20.
Rd4 Qg5 21. Rg4 Qe7 22. Ne4 Nxe5 23. Bxe5 f5 24. Nd6+ Rxd6 25. Bxd6 Qxd6 26.
Rg6 Kc7 27. Rxe6 Rxe6 28. Qxe6 Qd3+ 29. Kc1 Bd6 30. g3 Bc5 31. Qe2 Qd7 32. Rd1
Qf7 33. Qd3 Kb6 34. b4 Bxb4 35. Qb3 Ka5 36. a3 Bc5 37. Rd5 cxd5 38. Qb5# 1-0

[Event "East Detroit (MCO/4/16)"]
[Site "?"]
[Date "1984.??.??"]
[Round "?"]
[White "Everett, Morgan"]
[Black "Selitsky, B.."]
[Result "0-1"]
[WhiteElo "2045"]
[BlackElo "1750"]
[PlyCount "86"]
[EventDate "1984.??.??"]

{4/(16)} 1. e4 c5 2. Nf3 Nc6 3. d4 cxd4 4. Nxd4 Nf6 5. Nc3 e5 6. Ndb5 d6 7. Bg5
a6 8. Na3 b5 9. Nd5 Be7 10. Bxf6 Bxf6 11. c3 O-O 12. Nc2 Rb8 13. Be2 Bg5 14.
Nce3 Be6 15. O-O a5 16. Qd3 b4 17. Nc4 Ne7 18. Nxe7+ Bxe7 19. Rfd1 bxc3 20.
bxc3 Bxc4 21. Qxc4 Qc8 22. Qd3 Qc5 23. Rd2 Rb6 24. Bd1 Rc8 25. Rc1 Bg5 26. Bb3
Bxd2 27. Qxd2 Rcb8 28. Qd3 Qc6 29. Qf3 Qd7 30. Qd1 h6 31. h3 Qb7 32. Bd5 Qe7
33. Qd3 a4 34. Re1 Rb2 35. Re3 Rb1+ 36. Kh2 Ra1 37. Rf3 Rbb1 38. Rxf7 Rh1+ 39.
Kg3 Qg5+ 40. Kf3 Kh7 41. Rf5 Qh4 42. Qb5 Rxh3+ 43. gxh3 Qxh3+ 0-1

[Event "Plymouth (MI Op/1a/17)"]
[Site "?"]
[Date "1984.??.??"]
[Round "?"]
[White "Everett, Morgan"]
[Black "Robinson, Dave"]
[Result "1-0"]
[WhiteElo "2040"]
[BlackElo "1760"]
[PlyCount "73"]
[EventDate "1984.??.??"]

1. e4 Nf6 2. e5 Nd5 3. Nc3 Nxc3 4. bxc3 e6 5. d4 d5 6. f4 c5 7. Nf3 Nc6 8. Bd3
Bd7 9. O-O c4 10. Be2 b5 11. Ng5 b4 12. Bd2 bxc3 13. Bxc3 Be7 14. Nh3 Rb8 15.
Bf3 Nb4 16. a3 Nc6 17. f5 Qb6 18. Kh1 Qb5 19. Nf4 Nd8 20. Nh5 Rg8 21. f6 gxf6
22. exf6 Bf8 23. Bb4 Bh6 24. Qe1 Qa4 25. Bxd5 Qxc2 26. Be4 Qb2 27. Rf2 Qxd4 28.
Rd1 Qe5 29. Bd6 Qxh5 30. Bxb8 c3 31. Bf3 Qa5 32. Qe4 Ba4 33. Bc7 Qxc7 34. Qxa4+
Kf8 35. Qb4+ Ke8 36. Rc2 Bd2 37. Rdxd2 1-0

[Event "East Lansing (MEX/3)"]
[Site "?"]
[Date "1984.??.??"]
[Round "?"]
[White "Everett, Morgan"]
[Black "Noren, Kevin"]
[Result "1/2-1/2"]
[WhiteElo "2000"]
[BlackElo "2225"]
[PlyCount "144"]
[EventDate "1984.??.??"]

1. e4 Nc6 2. d4 d5 3. e5 f6 4. f4 Bf5 5. Nf3 Qd7 6. Bb5 a6 7. Ba4 e6 8. Be3
Nge7 9. Nbd2 Nc8 10. Bb3 Nb6 11. O-O O-O-O 12. Rc1 Kb8 13. Qe2 Be7 14. a3 Na5
15. Ba2 Na4 16. Nb3 Nc4 17. Nc5 Bxc5 18. Bxc4 Be7 19. Ba2 Qb5 20. Qxb5 axb5 21.
exf6 gxf6 22. Nh4 Be4 23. Rf2 Nxb2 24. Rb1 Na4 25. Bb3 Nc3 26. Ra1 Bf5 27. Nxf5
exf5 28. Bd2 Ne4 29. Re2 b6 30. a4 b4 31. a5 b5 32. Be1 c6 33. g3 h5 34. Kg2
Bd6 35. Kf3 Kc7 36. Re3 Rdg8 37. h4 Rg7 38. Re2 Rhg8 39. Rg2 Ra8 40. Re2 Kc8
41. Re3 Rga7 42. c3 bxc3 43. Bxc3 b4 44. Be1 Rxa5 45. Rc1 Kd7 46. Kg2 Ra1 47.
Rc2 R8a3 48. Rb2 Rd1 49. Bxb4 Bxb4 50. Bxd1 Rxe3 51. Rxb4 Rxg3+ 52. Kh2 Rg8 53.
Rb7+ Kd6 54. Rh7 c5 55. dxc5+ Kxc5 56. Rxh5 Ng3 57. Rh7 Nf1+ 58. Kh1 d4 59. h5
d3 60. Rd7 Kc4 61. h6 Rg6 62. h7 Rh6+ 63. Kg1 Ne3 64. Bf3 Kc3 65. Kf2 Kd2 66.
Kg3 Kc2 67. Rc7+ Kb3 68. Rd7 d2 69. Rd3+ Kc2 70. Rxe3 d1=Q 71. Bxd1+ Kxd1 72.
Re7 Kd2 1/2-1/2

[Event "East Detroit (MCO/6/11)"]
[Site "?"]
[Date "1984.??.??"]
[Round "?"]
[White "Everett, Morgan"]
[Black "Jimenez, B.."]
[Result "1-0"]
[WhiteElo "2045"]
[BlackElo "1775"]
[PlyCount "49"]
[EventDate "1984.??.??"]

{6/(11)} 1. e4 d6 2. d4 Nf6 3. Nc3 g6 4. f4 Bg7 5. Nf3 O-O 6. Be3 Bg4 7. h3
Bxf3 8. Qxf3 c6 9. Bd3 Qb6 10. Rb1 Nbd7 11. O-O Qc7 12. Ne2 Nb6 13. g4 Rad8 14.
Ng3 e5 15. fxe5 dxe5 16. Bg5 exd4 17. Kg2 Nbd7 18. Bc4 Rde8 19. Rbe1 Ne5 20.
Qf4 Nfd7 21. Bb3 Qb6 22. Bh6 Bxh6 23. Qxh6 Nc5 24. Rf5 Nxb3 25. Rh5 1-0

[Event "Plymouth (MI Op/7/6)"]
[Site "?"]
[Date "1984.??.??"]
[Round "?"]
[White "Everett, Morgan"]
[Black "Groisser, D.."]
[Result "1-0"]
[WhiteElo "2040"]
[BlackElo "2145"]
[PlyCount "81"]
[EventDate "1984.??.??"]

{7/(6)} 1. e4 e6 2. d4 d5 3. Nc3 Bb4 4. e5 c5 5. a3 Bxc3+ 6. bxc3 Qc7 7. Qg4 f5
8. Qg3 Nc6 9. Nf3 cxd4 10. cxd4 b6 11. Bb5 Bb7 12. Bd2 O-O-O 13. Rc1 a6 14. c4
axb5 15. cxb5 g6 16. Ng5 Re8 17. bxc6 Ba6 18. Bb4 Bc4 19. Bd6 Qa7 20. c7 Nh6
21. Qc3 Kd7 22. Qb4 Qa5 23. Qxa5 bxa5 24. Kd2 Ng4 25. Nh3 Nf6 26. f3 h6 27. Rb1
Rc8 28. Rb6 Ne8 29. Nf4 g5 30. Ng6 Nxc7 31. Nxh8 Rxh8 32. Rb7 Rc8 33. Rxc7+
Rxc7 34. Bxc7 Kxc7 35. Rb1 h5 36. h4 g4 37. fxg4 fxg4 38. g3 Ba6 39. Ke3 Kd7
40. Kf4 Bd3 41. Rb6 1-0

[Event "Plymouth (MI Op/3/21)"]
[Site "?"]
[Date "1984.??.??"]
[Round "?"]
[White "Everett, Morgan"]
[Black "Bolda, Dan H"]
[Result "1-0"]
[WhiteElo "2040"]
[BlackElo "1895"]
[PlyCount "97"]
[EventDate "1984.??.??"]

{3/(21)} 1. e4 e6 2. d4 d5 3. Nc3 Bb4 4. e5 c5 5. a3 cxd4 6. axb4 dxc3 7. Nf3
Qc7 8. Ra3 Nc6 9. Rxc3 Qb8 10. Be3 Nge7 11. Bd4 Nf5 12. Bb5 Nfxd4 13. Qxd4 Bd7
14. Bxc6 Bxc6 15. O-O O-O 16. Re1 a5 17. bxa5 Rxa5 18. Qd2 Qa7 19. Nd4 Rc8 20.
Rg3 Ra1 21. c3 Rxe1+ 22. Qxe1 Ra8 23. h4 Qa1 24. Qxa1 Rxa1+ 25. Kh2 Rb1 26. b4
h6 27. Re3 Bd7 28. Kg3 Kf8 29. f4 Rf1 30. Rf3 Rxf3+ 31. Kxf3 b5 32. Ke3 Ke7 33.
Nb3 f6 34. Kd4 g5 35. g3 gxf4 36. gxf4 fxe5+ 37. Kxe5 Be8 38. Nd4 Bd7 39. f5
exf5 40. Nxf5+ Bxf5 41. Kxf5 Kd6 42. Kg6 Ke6 43. h5 Ke5 44. Kxh6 d4 45. cxd4+
Kxd4 46. Kg6 Kc4 47. h6 Kxb4 48. h7 Ka3 49. h8=Q 1-0

[Event "Plymouth (MI Op/4/70)"]
[Site "?"]
[Date "1984.??.??"]
[Round "?"]
[White "Engel, R.."]
[Black "Shaler, Tom"]
[Result "0-1"]
[WhiteElo "1605"]
[BlackElo "1650"]
[PlyCount "52"]
[EventDate "1984.??.??"]

{4/(70)} 1. e4 c5 2. f4 d6 3. d3 Nc6 4. Nf3 g6 5. Nc3 Bg7 6. Be3 e6 7. Qe2 Nd4
8. Bxd4 cxd4 9. Nb5 Qa5+ 10. c3 Qxb5 11. cxd4 Qb4+ 12. Nd2 Qxd4 13. g3 Ne7 14.
Rb1 Bd7 15. Nb3 Qb4+ 16. Kf2 Rc8 17. Bg2 O-O 18. Rhd1 Nc6 19. Rbc1 Nd4 20. Nxd4
Qxd4+ 21. Kf1 Bb5 22. Ke1 Rc5 23. Bf1 Rfc8 24. Rc4 Bxc4 25. dxc4 Qxb2 26. Qe3
Bc3+ 0-1

[Event "Plymouth (MI Op/5/73)"]
[Site "?"]
[Date "1984.??.??"]
[Round "?"]
[White "Engel, R.."]
[Black "Hazzard, Bill"]
[Result "0-1"]
[WhiteElo "1605"]
[BlackElo "1660"]
[PlyCount "98"]
[EventDate "1984.??.??"]

{5/(73)} 1. e4 d6 2. d4 Nf6 3. Nc3 g6 4. Nf3 Bg7 5. h3 O-O 6. Be3 Re8 7. Qd2 c6
8. Be2 b5 9. O-O b4 10. Na4 Nxe4 11. Qxb4 Na6 12. Qb3 Rb8 13. Qd3 Nf6 14. c3
Nc7 15. Qd2 Ne4 16. Qc2 Nf6 17. Rad1 Ncd5 18. a3 Nxe3 19. fxe3 Qa5 20. b4 Qd5
21. Bd3 Qh5 22. Nh2 Bxh3 23. gxh3 Qxh3 24. Rf3 Qe6 25. Bf1 Qe4 26. Rd3 Ng4 27.
Rf4 Nxe3 28. Qf2 Qd5 29. Rxe3 Bh6 30. c4 Qg5+ 31. Bg2 Qxf4 32. Qxf4 Bxf4 33.
Re2 d5 34. cxd5 cxd5 35. Nf3 a5 36. Rb2 axb4 37. axb4 e5 38. dxe5 Bxe5 39. Rb1
d4 40. Ng5 h6 41. Nxf7 Kxf7 42. Nc5 Bd6 43. Bd5+ Kg7 44. Ne6+ Rxe6 45. Bxe6
Rxb4 46. Rf1 g5 47. Kg2 Rb2+ 48. Kh3 h5 49. Bf7 Rh2# 0-1

[Event "Plymouth (MI Op/7/62)"]
[Site "?"]
[Date "1984.??.??"]
[Round "?"]
[White "Engel, R.."]
[Black "Garrison, Ray"]
[Result "0-1"]
[WhiteElo "1605"]
[BlackElo "1740"]
[PlyCount "74"]
[EventDate "1984.??.??"]

{7/(62)} 1. e4 e6 2. d4 d5 3. e5 b6 4. Nc3 Qd7 5. Nf3 c5 6. Bb5 Nc6 7. Be3 a6
8. Bxc6 Qxc6 9. Rb1 a5 10. O-O b5 11. Ng5 f6 12. exf6 Nxf6 13. Qf3 h6 14. Nxe6
Bxe6 15. Rfe1 Bg4 16. Qg3 O-O-O 17. h3 Bf5 18. b3 Bd6 19. Qxg7 Rdg8 20. Qxf6
Bh2+ 21. Kxh2 Qxf6 22. Nxb5 Qg6 23. g3 Qh5 24. h4 Rg6 25. dxc5 Qg4 26. Bf4 Qh3+
27. Kg1 Rf8 28. Na7+ Kb7 29. Re7+ Ka6 30. b4 Bd7 31. b5+ Kxa7 32. c6 Rxf4 33.
Rxd7+ Kb6 34. Rb7+ Kc5 35. Rb3 Re6 36. Rb1 Rfe4 37. Re7 Rxe7 0-1

[Event "Plymouth (MI Op/2/72)"]
[Site "?"]
[Date "1984.??.??"]
[Round "?"]
[White "Engel, R.."]
[Black "Foord, Allan"]
[Result "1-0"]
[WhiteElo "1605"]
[BlackElo "1725"]
[PlyCount "39"]
[EventDate "1984.??.??"]

{2/(72)} 1. e4 c5 2. f4 d6 3. d3 Nc6 4. Nf3 Bg4 5. Nc3 Nf6 6. h3 Bd7 7. g4 h6
8. Bg2 e6 9. e5 dxe5 10. fxe5 Nh7 11. Be3 Be7 12. Qd2 Qc7 13. d4 Nxe5 14. Nxe5
Bh4+ 15. Bf2 Bxf2+ 16. Qxf2 Nf6 17. Nxd7 Nxd7 18. Bxb7 cxd4 19. Bxa8 Qe5+ 20.
Qe2 1-0

[Event "Plymouth (MI Op/6/78)"]
[Site "?"]
[Date "1984.??.??"]
[Round "?"]
[White "DuVall, D.."]
[Black "Smalec, John"]
[Result "1/2-1/2"]
[WhiteElo "1605"]
[BlackElo "1605"]
[PlyCount "99"]
[EventDate "1984.??.??"]

{6/(78)} 1. e4 d5 2. exd5 Nf6 3. c4 c6 4. Nc3 cxd5 5. cxd5 Bg4 6. f3 Bf5 7. Bc4
g6 8. d4 Bg7 9. Nge2 O-O 10. O-O Qc7 11. Qb3 Rc8 12. g4 Qxc4 13. Qxc4 Rxc4 14.
b3 Rc7 15. gxf5 gxf5 16. Rf2 Nbd7 17. Rg2 Kh8 18. Ba3 Nb6 19. d6 exd6 20. Bxd6
Rc6 21. Be5 Nh5 22. Bxg7+ Nxg7 23. Kh1 Rg6 24. Rag1 Rd8 25. h4 Ne6 26. Rd1 Nd5
27. Nxd5 Rxd5 28. h5 Rxg2 29. Kxg2 Kg7 30. Kg3 Kh6 31. Nf4 Rxd4 32. Rxd4 Nxd4
33. Kh4 Nxf3+ 34. Kg3 Nd4 35. Kh4 Ne6 36. Nd5 f4 37. Ne7 Kg7 38. Kg4 Kf6 39.
Nd5+ Ke5 40. Nc3 f5+ 41. Kf3 Nd4+ 42. Kf2 Kf6 43. Nd5+ Kg5 44. h6 Ne6 45. Ne7
Kxh6 46. Nxf5+ Kg5 47. Nd6 Nd8 48. Ne4+ Kf5 49. Nd2 h5 50. Nf3 1/2-1/2

[Event "Plymouth (MI Op/7/67)"]
[Site "?"]
[Date "1984.??.??"]
[Round "?"]
[White "DuVall, D.."]
[Black "Selitsky, B.."]
[Result "0-1"]
[WhiteElo "1605"]
[BlackElo "1790"]
[PlyCount "77"]
[EventDate "1984.??.??"]

{7/(67)} 1. e4 c5 2. f4 Nc6 3. Nf3 g6 4. e5 d6 5. d4 cxd4 6. Nxd4 dxe5 7. Nxc6
Qxd1+ 8. Kxd1 bxc6 9. fxe5 Bg4+ 10. Be2 O-O-O+ 11. Ke1 Bxe2 12. Kxe2 Bg7 13.
Bf4 Rd4 14. Ke3 Rd7 15. Nc3 Nh6 16. h3 Nf5+ 17. Kf2 Nd4 18. Rac1 Ne6 19. g3 g5
20. Be3 Bxe5 21. h4 gxh4 22. Rxh4 Rb7 23. Rc4 Rxb2 24. Rxc6+ Kb7 25. Rc4 Rc8
26. Rxc8 Kxc8 27. Nd5 Rxa2 28. Nxe7+ Kd7 29. Nf5 Ng7 30. Rd1+ Ke6 31. Nd4+ Bxd4
32. Rxd4 Rxc2+ 33. Kf3 a5 34. Ra4 Rc3 35. g4 f5 36. gxf5+ Nxf5 37. Re4+ Kd5 38.
Kf4 Nxe3 39. Rxe3 0-1

[Event "Plymouth (MI Op/1b/34)"]
[Site "?"]
[Date "1984.??.??"]
[Round "?"]
[White "DuVall, D.."]
[Black "Neely, Richard"]
[Result "0-1"]
[WhiteElo "1605"]
[BlackElo "1605"]
[PlyCount "72"]
[EventDate "1984.??.??"]

1. e4 d6 2. d4 Nf6 3. Nc3 g6 4. Nf3 Bg7 5. Bg5 O-O 6. e5 Nfd7 7. Bc4 dxe5 8.
dxe5 Nxe5 9. Qxd8 Nxf3+ 10. gxf3 Rxd8 11. O-O Nc6 12. Rad1 Bh3 13. Rxd8+ Rxd8
14. Re1 Ne5 15. Bd5 Rxd5 16. Nxd5 Nxf3+ 17. Kh1 Nxe1 18. Nxe7+ Kf8 19. Bh4 Nxc2
20. Nd5 c6 21. Nf4 Be6 22. b3 Nb4 23. Nxe6+ fxe6 24. a4 b6 25. Kg2 Bd4 26. Kf3
c5 27. Bg5 Kf7 28. Bd2 Nd3 29. Be3 e5 30. Ke2 Bxe3 31. Kxe3 Nc1 32. Ke4 Ke6 33.
Ke3 Nxb3 34. Kd3 Kd5 35. f3 a6 36. Kc3 Nd4 0-1

[Event "Plymouth (MI Op/3/59)"]
[Site "?"]
[Date "1984.??.??"]
[Round "?"]
[White "DuVall, D.."]
[Black "Johnson, C.."]
[Result "0-1"]
[WhiteElo "1605"]
[BlackElo "1755"]
[PlyCount "70"]
[EventDate "1984.??.??"]

{3/(59)} 1. e4 e5 2. Nf3 d6 3. d4 Nf6 4. Nc3 Nbd7 5. d5 Be7 6. Be2 Nc5 7. Bd3
a5 8. Bg5 c6 9. Bxf6 Bxf6 10. O-O Bg4 11. h3 Bh5 12. a3 O-O 13. Rb1 Qd7 14. b4
axb4 15. axb4 Na4 16. Nxa4 Rxa4 17. c4 Ra3 18. b5 Rfa8 19. bxc6 bxc6 20. dxc6
Qxc6 21. Qe2 Qc8 22. Rb2 Rc3 23. Rfb1 h6 24. Rb6 Qc7 25. g4 Bg6 26. h4 Raa3 27.
h5 Rxd3 28. Rb8+ Kh7 29. hxg6+ Kxg6 30. g5 Rxf3 31. gxf6 Kxf6 32. Qd2 Qd7 33.
R8b6 Rad3 34. Qb4 Qg4+ 35. Kh1 Rh3# 0-1

[Event "Plymouth (MI Op/1a/23)"]
[Site "?"]
[Date "1984.??.??"]
[Round "?"]
[White "Dolehanty, T.."]
[Black "Garrison, Ray"]
[Result "0-1"]
[WhiteElo "1605"]
[BlackElo "1740"]
[PlyCount "86"]
[EventDate "1984.??.??"]

1. e4 d5 2. exd5 Nf6 3. Bb5+ Bd7 4. Bxd7+ Qxd7 5. c4 c6 6. dxc6 Qxc6 7. d3 Qxg2
8. Qf3 Qxf3 9. Nxf3 g6 10. Nc3 Bg7 11. Nb5 Na6 12. Be3 b6 13. a3 O-O 14. b4 Nd5
15. Bd4 Bxd4 16. Nfxd4 Nf4 17. Rd1 Rfd8 18. O-O e5 19. Nc6 Rxd3 20. Rxd3 Nxd3
21. Rd1 e4 22. f3 f5 23. fxe4 fxe4 24. Nd6 Rf8 25. Nxe4 Nb2 26. Rd7 Nxc4 27.
Rxa7 Ne3 28. Nd2 Nb8 29. Nxb8 Rxb8 30. a4 Rd8 31. Nf3 Rf8 32. Kf2 Nc2 33. a5
bxa5 34. bxa5 Nd4 35. Ke3 Nxf3 36. Rb7 Ne5 37. a6 Ra8 38. a7 Nc6 39. Kf4 Rxa7
40. Rxa7 Nxa7 41. Kg5 Kg7 42. h4 h6+ 43. Kg4 Kf6 0-1

[Event "Plymouth (MI Op/6/59)"]
[Site "?"]
[Date "1984.??.??"]
[Round "?"]
[White "Dolehanty, T.."]
[Black "Frohman, T.."]
[Result "0-1"]
[WhiteElo "1605"]
[BlackElo "1670"]
[PlyCount "44"]
[EventDate "1984.??.??"]

{6/(59)} 1. e4 e5 2. Nf3 Nc6 3. Bc4 Bc5 4. c3 Nf6 5. d4 exd4 6. cxd4 Bb4+ 7.
Nc3 Nxe4 8. O-O Bxc3 9. d5 Bf6 10. dxc6 O-O 11. cxd7 Qxd7 12. Qxd7 Bxd7 13. Rd1
Bc6 14. Nd4 Rad8 15. Be3 Bxd4 16. Bxd4 Nd6 17. Bb3 Rfe8 18. f3 Bb5 19. a4 Ba6
20. Bd5 Nf5 21. Bf2 b6 22. b4 Nd6 {[0-1, 33?]} 0-1

[Event "Plymouth (MI Op/3/46)"]
[Site "?"]
[Date "1984.??.??"]
[Round "?"]
[White "Dolehanty, T.."]
[Black "Comstock, Ron"]
[Result "1-0"]
[WhiteElo "1605"]
[BlackElo "1850"]
[PlyCount "59"]
[EventDate "1984.??.??"]

{3/(46)} 1. e4 c5 2. Nf3 e6 3. d4 cxd4 4. c3 dxc3 5. Nxc3 Nc6 6. Bc4 d6 7. O-O
Bd7 8. Be3 a6 9. Rc1 b5 10. Bb3 Nf6 11. Bg5 h6 12. Bh4 g5 13. Bg3 Qb8 14. Nd4
Qb6 15. Nxc6 Bxc6 16. Bxd6 Nxe4 17. Nxe4 Bxe4 18. Bc7 Qb7 19. Re1 Be7 20. Qd4
Bxg2 21. Qxh8+ Bf8 22. Bxe6 fxe6 23. Rxe6+ Kd7 24. Qf6 Qf3 25. Rd6+ Bxd6 26.
Qxd6+ Ke8 27. Re1+ Kf7 28. Re7+ Kg8 29. Qg6+ Kf8 30. Qg7# 1-0

[Event "Plymouth (MI Op/1a/36)"]
[Site "?"]
[Date "1984.??.??"]
[Round "?"]
[White "Dmuchowski, Frank"]
[Black "Carpenter, O.."]
[Result "1-0"]
[WhiteElo "1605"]
[BlackElo "1605"]
[PlyCount "113"]
[EventDate "1984.??.??"]

1. e4 c5 2. c3 Nc6 3. Nf3 Nf6 4. d3 g6 5. Be2 d6 6. O-O Bg7 7. h3 O-O 8. Be3 h6
9. Nh2 h5 10. f4 c4 11. f5 cxd3 12. Bxd3 Ne5 13. Nf3 Nxd3 14. Qxd3 d5 15. Rd1
Nxe4 16. Nbd2 Bxf5 17. Nxe4 Bxe4 18. Qd2 Bxf3 19. gxf3 e6 20. Bd4 Bxd4+ 21.
Qxd4 Qb6 22. Qxb6 axb6 23. Rd4 Rfc8 24. Rc1 Rc4 25. b3 Rxd4 26. cxd4 Rb8 27.
Rc7 b5 28. Rc5 Ra8 29. Rxb5 Rxa2 30. Rxb7 Rd2 31. b4 Rc2 32. Rb8+ Kg7 33. b5 e5
34. dxe5 d4 35. Rd8 Rb2 36. Rxd4 Rxb5 37. Re4 Rb6 38. h4 Re6 39. f4 f6 40. Kf2
Kh6 41. Ke3 fxe5 42. fxe5 g5 43. hxg5+ Kxg5 44. Kd4 Kf5 45. Rh4 Kg5 46. Rh1 Re8
47. Rf1 Rd8+ 48. Ke4 h4 49. e6 h3 50. Ke5 h2 51. Rh1 Rh8 52. e7 Kg6 53. Ke6 Kg7
54. Kd7 Kf7 55. Rxh2 Re8 56. Rf2+ Kg8 57. Kxe8 1-0